000 01502pam a2200289 a 4500
001 1087499
003 OSt
005 20240614103542.0
008 920528s1992 enka b 100 0 eng
010 _a 92018095
020 _a019853650X :
_c$75.00
040 _aDLC
_cMUST
_dDLC
082 0 0 _a511.3
_bMAT 1992
245 0 0 _aMathematics in transport planning and control :
_bbased on the proceedings of a conference on mathematics in transport planning and control, organized by the Institute of Mathematics and Its Applications and held at the University of Wales College of Cardiff in September 1989 /
_cedited by J.D. Griffiths.
260 _aOxford :
_bClarendon Press ;
_aNew York :
_bOxford University Press,
_c1992.
300 _axiv, 463 p. :
_bill. ;
_c24 cm.
440 0 _aInstitute of Mathematics and Its Applications conference series ;
_vnew ser., 38
_917177
504 _aIncludes bibliographical references.
650 0 _aTraffic engineering
_xMathematical models
_xCongresses.
_917178
700 1 _aGriffiths, J. D.
_917179
710 2 _aInstitute of Mathematics and Its Applications.
_917180
856 4 2 _3Publisher description
_uhttp://www.loc.gov/catdir/enhancements/fy0639/92018095-d.html
856 4 1 _3Table of contents only
_uhttp://www.loc.gov/catdir/enhancements/fy0639/92018095-t.html
906 _a7
_bcbc
_corignew
_d1
_eocip
_f19
_gy-gencatlg
942 _2ddc
_cO_SHELF
999 _c8450
_d8450